[Event "Mecklenburg VP-ch U14 Girls"]
[Site "Malchow"]
[Date "2019.02.05"]
[Round "6.2"]
[White "Riesebeck, Luisa"]
[Black "Bress, Amy Charlize"]
[Result "1/2-1/2"]
[WhiteElo "1144"]
[BlackElo "1432"]
[PlyCount "55"]
[EventDate "2019.02.02"]
[EventType "tourn"]
[EventRounds "7"]
[EventCountry "GER"]
[SourceTitle "EXT 2022"]
[Source "ChessBase"]
[SourceDate "2021.10.06"]
[SourceVersion "1"]
[SourceVersionDate "2021.10.06"]
[SourceQuality "1"]

1. e4 c5 2. Nf3 e6 3. g3 a6 4. Bg2 b5 5. d3 Bb7 6. 0-0 d6 7. Re1 Be7 8. Nbd2 Nf6 9. Nf1 0-0 10. Bd2 Qc7 11. Qc1 Nc6 12. c3 Rfc8 13. Qc2 a5 14. b3 Qb8 15. Ng5 h6 16. Nh3 d5 17. f3 Rd8 18. Red1 Rd7 19. Be1 dxe4 20. dxe4 Qd8 21. Rxd7 Qxd7 22. Rd1 Qc7 23. Bf2 Rd8 24. Rxd8+ Qxd8 25. Qd2 Qxd2 26. Nxd2 Nd7 27. f4 e5 28. c4 1/2-1/2

[Event "Mecklenburg VP-ch U14 Girls"]
[Site "Malchow"]
[Date "2019.02.04"]
[Round "4.3"]
[White "Riesebeck, Luisa"]
[Black "Feige, Adelina"]
[Result "1/2-1/2"]
[WhiteElo "1144"]
[BlackElo "1350"]
[PlyCount "27"]
[EventDate "2019.02.02"]
[EventType "tourn"]
[EventRounds "7"]
[EventCountry "GER"]
[SourceTitle "EXT 2022"]
[Source "ChessBase"]
[SourceDate "2021.10.06"]
[SourceVersion "1"]
[SourceVersionDate "2021.10.06"]
[SourceQuality "1"]

1. e4 e5 2. Nf3 Nc6 3. Bc4 Bc5 4. d3 h6 5. Nc3 d6 6. h3 Nf6 7. 0-0 Be6 8. Bb3 0-0 9. Bd2 Ne7 10. Re1 Ng6 11. Qc1 Bxb3 12. axb3 c6 13. Kf1 b5 14. Nd1 1/2-1/2

[Event "Mecklenburg VP-ch U14 Girls"]
[Site "Malchow"]
[Date "2019.02.02"]
[Round "1.1"]
[White "Riesebeck, Luisa"]
[Black "Meseck, Jessica"]
[Result "1-0"]
[WhiteElo "1144"]
[BlackElo "916"]
[PlyCount "67"]
[EventDate "2019.02.02"]
[EventType "tourn"]
[EventRounds "7"]
[EventCountry "GER"]
[SourceTitle "EXT 2022"]
[Source "ChessBase"]
[SourceDate "2021.10.06"]
[SourceVersion "1"]
[SourceVersionDate "2021.10.06"]
[SourceQuality "1"]

1. e4 e5 2. Nf3 Nc6 3. Bc4 Nf6 4. d3 Bc5 5. Bg5 0-0 6. Nc3 Bb4 7. 0-0 d6 8. h3 Qe8 9. Bxf6 Be6 10. Bg5 Na5 11. Bb3 Qc6 12. Nd5 Qb5 13. Nxc7 Qc6 14. Nxa8 Rxa8 15. Qc1 Bxb3 16. axb3 Nxb3 17. cxb3 Qd7 18. Qc4 Bc5 19. Be3 Bxe3 20. fxe3 Rc8 21. Qa4 b5 22. Qxa7 Qe6 23. Rfc1 Re8 24. Ng5 Qxb3 25. Qa8 g6 26. Qxe8+ Kg7 27. Rc7 Kh6 28. Qxf7 Qxd3 29. Nf3 Qxe3+ 30. Kh1 Kh5 31. Qxh7+ Qh6 32. Raa7 d5 33. Qxh6+ Kxh6 34. Rh7# 1-0

[Event "Mecklenburg VP-ch U14 Girls"]
[Site "Malchow"]
[Date "2018.02.07"]
[Round "3.1"]
[White "Riesebeck, Luisa"]
[Black "Mueller, Sophie Charlotte"]
[Result "0-1"]
[WhiteElo "1144"]
[BlackElo "1035"]
[PlyCount "106"]
[EventDate "2018.02.07"]
[EventType "tourn"]
[EventRounds "5"]
[EventCountry "GER"]
[SourceTitle "EXT 2022"]
[Source "ChessBase"]
[SourceDate "2021.10.06"]
[SourceVersion "1"]
[SourceVersionDate "2021.10.06"]
[SourceQuality "1"]

1. e4 d6 2. d4 Nc6 3. Nf3 Bg4 4. Nc3 g6 5. h3 Bd7 6. Bc4 Bg7 7. 0-0 e5 8. d5 Nce7 9. Re1 Nf6 10. Bg5 0-0 11. Qd2 Kh8 12. Re2 Rc8 13. Bb3 Qe8 14. Rf1 a5 15. a4 b5 16. Ra1 b4 17. Nd1 Rb8 18. c3 bxc3 19. Qxc3 Rb4 20. Bxf6 Bxf6 21. Ne3 c6 22. Nc2 Rb8 23. Re3 Ra8 24. Nce1 Ra7 25. Rd3 Qb8 26. Nc2 Rc8 27. Qd2 cxd5 28. Bxd5 Qxb2 29. Bb3 Rxc2 30. Qxc2 Qxa1+ 31. Kh2 Kg7 32. Rxd6 Qa3 33. Rd2 Rb7 34. Rd3 Qb4 35. Nd2 Bg5 36. Nf3 Bh6 37. Nxe5 Bf4+ 38. g3 Bxe5 39. Rf3 f6 40. Qd1 Qxe4 41. Kg2 Bc6 42. Bc2 Qxf3+ 43. Qxf3 Bxf3+ 44. Kxf3 Rb4 45. Kg2 Nd5 46. Kf1 Nb6 47. Ke1 Nxa4 48. Ke2 Nc3+ 49. Ke3 a4 50. Bxa4 Rxa4 51. f4 Nd5+ 52. Kf3 Nxf4 53. gxf4 Rxf4+ 0-1

[Event "Mecklenburg VP-ch Youth"]
[Site "Malchow"]
[Date "2017.02.14"]
[Round "4.3"]
[White "Riesebeck, Luisa"]
[Black "Avetyan, Manan"]
[Result "0-1"]
[WhiteElo "1117"]
[BlackElo "957"]
[PlyCount "58"]
[EventDate "2017.02.08"]
[EventType "swiss"]
[EventRounds "7"]
[EventCountry "GER"]
[SourceTitle "EXT 2022"]
[Source "ChessBase"]
[SourceDate "2021.10.06"]
[SourceVersion "1"]
[SourceVersionDate "2021.10.06"]
[SourceQuality "1"]

1. e4 e5 2. Nf3 Nc6 3. Bc4 Be7 4. Nc3 d6 5. d3 Bg4 6. h3 Bh5 7. Be3 h6 8. Qd2 Bxf3 9. gxf3 Qd7 10. 0-0-0 Nf6 11. Rdg1 g5 12. Bb5 a6 13. Ba4 d5 14. a3 d4 15. Ne2 dxe3 16. fxe3 0-0-0 17. f4 Nxe4 18. Qe1 Nc5 19. Bxc6 Qxc6 20. Kb1 exf4 21. exf4 Bf6 22. Nc1 Qb5 23. b3 Rhe8 24. Qd1 Na4 25. Qd2 Nc3+ 26. Kb2 Ne4+ 27. Ka2 Nxd2 28. Rd1 Nf3 29. Rhf1 Qc5 0-1

[Event "Mecklenburg VP U12 Girls"]
[Site "Malchow"]
[Date "2016.02.02"]
[Round "2.2"]
[White "Mueller, Sophie Charlotte"]
[Black "Riesebeck, Luisa"]
[Result "1-0"]
[WhiteElo "982"]
[BlackElo "811"]
[PlyCount "117"]
[EventDate "2016.02.02"]
[EventType "tourn"]
[EventRounds "7"]
[EventCountry "GER"]
[SourceTitle "EXT 2024"]
[Source "ChessBase"]
[SourceDate "2023.10.10"]
[SourceVersion "1"]
[SourceVersionDate "2023.10.10"]
[SourceQuality "1"]

1. e4 e5 2. Nf3 Nf6 3. Nc3 Nc6 4. Bc4 Bc5 5. Nxe5 Nxe5 6. d4 Bd6 7. dxe5 Bxe5 8. Qf3 Bxc3+ 9. bxc3 d6 10. Bg5 Be6 11. Bxe6 fxe6 12. 0-0 Qe7 13. Rfe1 e5 14. Rab1 0-0-0 15. Rb4 Qe6 16. c4 Rdg8 17. Reb1 b6 18. a4 Qe8 19. Bxf6 gxf6 20. Qxf6 Qg6 21. Qxg6 Rxg6 22. Ra1 Rhg8 23. g3 Rh6 24. a5 Rg5 25. axb6 axb6 26. Ra8+ Kd7 27. Rba4 Rgh5 28. h4 Rf6 29. R4a7 Rhh6 30. Rb8 Kc6 31. Rc8 Rf7 32. f4 Rg6 33. Kf2 Rgg7 34. h5 h6 35. Kf3 Kc5 36. Rb7 Kb4 37. Ra8 Kxc4 38. Ra4+ Kc3 39. Rba7 Rf8 40. Ra3+ Kd2 41. Rd3+ Kxc2 42. Re3 Kb2 43. Raa3 Rfg8 44. Kf2 Rg4 45. Rab3+ Kc2 46. Rbc3+ Kb2 47. f5 Rxg3 48. Rxg3 Rxg3 49. Rxg3 b5 50. Ke2 b4 51. Kd2 b3 52. Rg2 Ka2 53. Kc3+ Ka3 54. Rb2 c5 55. Rxb3+ Ka4 56. Rb8 Ka5 57. f6 Ka6 58. f7 Ka7 59. f8Q 1-0

[Event "Mecklenburg VP U12 Girls"]
[Site "Malchow"]
[Date "2016.02.02"]
[Round "6.4"]
[White "Neu, Jolien Emmelie"]
[Black "Riesebeck, Luisa"]
[Result "1/2-1/2"]
[WhiteElo "765"]
[BlackElo "811"]
[PlyCount "64"]
[EventDate "2016.02.02"]
[EventType "tourn"]
[EventRounds "7"]
[EventCountry "GER"]
[SourceTitle "EXT 2024"]
[Source "ChessBase"]
[SourceDate "2023.10.10"]
[SourceVersion "1"]
[SourceVersionDate "2023.10.10"]
[SourceQuality "1"]

1. e4 f5 2. exf5 e6 3. fxe6 dxe6 4. Nc3 Bb4 5. a3 Bxc3 6. bxc3 Nc6 7. Rb1 Nf6 8. Nf3 e5 9. Nxe5 Nxe5 10. d4 Qd7 11. dxe5 Qxd1+ 12. Kxd1 Ne4 13. Bd3 Nxc3+ 14. Kd2 Nxb1+ 15. Ke2 Nxa3 16. Bxa3 Bh3 17. gxh3 0-0-0 18. Be7 Rhe8 19. Bxd8 Kxd8 20. Bxh7 Rxe5+ 21. Kf1 Rh5 22. Bf5 Rxf5 23. Rg1 Rf3 24. Rxg7 Rxh3 25. Rg8+ Kd7 26. Ra8 Rxh2 27. Rxa7 Rxf2+ 28. Kxf2 Kd6 29. Rxb7 Kc6 30. Rxc7+ Kxc7 31. c4 Kc6 32. c5 Kxc5 1/2-1/2

[Event "Mecklenburg VP U12 Girls"]
[Site "Malchow"]
[Date "2016.02.02"]
[Round "5.2"]
[White "Riesebeck, Luisa"]
[Black "Avetyan, Manan"]
[Result "1/2-1/2"]
[WhiteElo "811"]
[BlackElo "876"]
[PlyCount "33"]
[EventDate "2016.02.02"]
[EventType "tourn"]
[EventRounds "7"]
[EventCountry "GER"]
[SourceTitle "EXT 2024"]
[Source "ChessBase"]
[SourceDate "2023.10.10"]
[SourceVersion "1"]
[SourceVersionDate "2023.10.10"]
[SourceQuality "1"]

1. e4 e5 2. Nf3 Nc6 3. Nc3 Nf6 4. Bc4 h6 5. a3 Be7 6. d3 0-0 7. Be3 d6 8. Qd2 Bg4 9. 0-0-0 Bxf3 10. gxf3 Nh7 11. Rhg1 Bg5 12. Rg2 Nd4 13. Rg3 Qf6 14. Bxg5 Nxg5 15. Nb5 Ndxf3 16. Qe3 Nxh2 17. Nxc7 1/2-1/2